| 000 | 00868cam a2200217 4500 | ||
|---|---|---|---|
| 001 | WB3834-22 | ||
| 008 | 020919n2002 000 0 eng u | ||
| 035 | _a(Sirsi) u119751 | ||
| 245 | _aLargest farmers already green | ||
| 260 | _c2002 | ||
| 490 |
_aFarmers' Weekly _v137(11) 13 September 2002, 25(1) |
||
| 520 | _aA new industry survey by Bidwells, the CLA, Syngenta and "Farmers Weekly" argues that capping aid payments to UK's larger farmers would damage the environment and employment prospects. The survey found that many larger farms are already signed up to agri-environment schemes. Table showing money lost through modulation and capping. | ||
| 590 | _aWB | ||
| 650 | _aMODULATION | ||
| 650 |
_aEnvironment _96238 |
||
| 650 | _aEU | ||
| 650 | _aFARMING INDUSTRY | ||
| 650 | _aCAPPING | ||
| 690 | _aRURAL-AGRICULTURE AND FORESTRY | ||
| 942 | _n0 | ||
| 999 |
_c71180 _d71180 |
||